Vainqueurs Trophée Yachine - Statistiques

Statistiques générales
  • Ce quiz a été pris 498 fois
    76 depuis la dernière actualisation
  • Le résultat moyen est 6 sur 6
Statistiques - réponses
Année Vainqueurs Club % Correct
2021 Gianluigi Donnarumma Ac Milan
100%
2025 Gianluigi Donnarumma Paris Saint-Germain
100%
2022 Thibaut Courtois Real Madrid
100%
2023 Emiliano Martínez Aston Villa
96%
2024 Emiliano Martínez Aston Villa
96%
2019 Alisson Liverpool
94%
Aucun quiz correspondant
Distribution des résultats
% des personnes avec chaque résultat
Percentile par nombre de réponses
Votre historique - résultats
Vous n’avez pas pris ce quiz depuis la dernière actualisation